| 000 | 00999cam a2200217 4500 | ||
|---|---|---|---|
| 001 | ABS62964 | ||
| 008 | 000000n2000 000 0 eng u | ||
| 035 | _a(Sirsi) u108793 | ||
| 100 | _aCassidy, T. | ||
| 245 | _aServices whole-life costs - escalators | ||
| 260 | _c2000 | ||
| 490 |
_aBuilding _v265(8154) 68-71(4) |
||
| 520 | _aLooks at the dilemna of whether to refurbish or replace escalators. Considers the whole-life costs for three alternative ways of dealing with some 10-year old escalators. Suggests that refurbishment is the cheapest alternative if the escalator's age and capacity does not preclude it. Alternatively, escalator replacement may be the only option if architectural layout and capacity are the major influences on choice. Graph. | ||
| 590 | _aABS | ||
| 650 | _aESCALATORS | ||
| 650 | _aWHOLE-LIFE COSTS | ||
| 650 | _aBUILT ENVIRONMENT-BUILDING MAINTENANCE AND REFURBISHMENT | ||
| 650 | _aENGINEERING SERVICES | ||
| 690 |
_aRefurbishment _96264 |
||
| 942 | _n0 | ||
| 999 |
_c64949 _d64949 |
||